Detalles MARC
| 000 -LEADER |
| campo de control de longitud fija |
03073cam a22005894i 4500 |
| 003 - IDENTIFICADOR DE NÚMERO DE CONTROL |
| campo de control |
PE-LiUPU |
| 005 - FECHA Y HORA DE LA ÚLTIMA TRANSACCIÓN |
| campo de control |
20250731165441.0 |
| 008 - DATOS DE LONGITUD FIJA--INFORMACIÓN GENERAL |
| campo de control de longitud fija |
160125s2015 ck a rb 000 0 spa d |
| 020 ## - NÚMERO INTERNACIONAL ESTÁNDAR DEL LIBRO |
| Número Internacional Estándar del Libro |
9588722918 |
| 020 ## - NÚMERO INTERNACIONAL ESTÁNDAR DEL LIBRO |
| Número Internacional Estándar del Libro |
9789588722917 |
| 035 ## - NÚMERO DE CONTROL DEL SISTEMA |
| Número de control de sistema |
(Sirsi) i9789588722917 |
| 040 ## - FUENTE DE CATALOGACIÓN |
| Centro catalogador/agencia de origen |
GBVCP |
| Lengua de catalogación |
spa |
| Normas de descripción |
rakwb |
| Centro/agencia transcriptor |
GBVCP |
| Centro/agencia modificador |
OCLCQ |
| -- |
PE-LiUPU |
| Normas de descripción |
rda |
| 082 04 - NÚMERO DE LA CLASIFICACIÓN DECIMAL DEWEY |
| Número de clasificación |
001.42 |
| Cutter |
C78 |
| Número de edición |
20 |
| 100 1# - ENTRADA PRINCIPAL--NOMBRE DE PERSONA |
| Nombre de persona |
Correa Restrepo, Juan Santiago, |
| Término indicativo de función/relación |
autor. |
| 245 10 - MENCIÓN DEL TÍTULO |
| Título |
Escritura e investigación académica : |
| Resto del título |
una guía para la elaboración del trabajo de grado / |
| Mención de responsabilidad, etc. |
Juan Santiago Correa R., Javier H. Murillo O. |
| 250 ## - MENCION DE EDICION |
| Mención de edición |
2a edición. |
| 264 3# - PRODUCCIÓN, PUBLICACIÓN, DISTRIBUCIÓN, FABRICACIÓN Y COPYRIGHT |
| Producción, publicación, distribución, fabricación y copyright |
Bogotá : |
| Nombre del de productor, editor, distribuidor, fabricante |
Editorial CESA, Colegio de Estudios Superiores de Administración, |
| Fecha de producción, publicación, distribución, fabricación o copyright |
2015. |
| 300 ## - DESCRIPCIÓN FÍSICA |
| Extensión |
175 páginas : |
| Otras características físicas |
ilustraciones ; |
| Dimensiones |
24 centímetros |
| 336 ## - TIPO DE CONTENIDO |
| Término de tipo de contenido |
text |
| Fuente |
rdacontent |
| 337 ## - TIPO DE MEDIO |
| Nombre/término del tipo de medio |
unmediated |
| Fuente |
rdamedia |
| 338 ## - TIPO DE SOPORTE |
| Nombre/término del tipo de soporte |
volume |
| Fuente |
rdacarrier |
| 504 ## - NOTA DE BIBLIOGRAFÍA, ETC. |
| Nota de bibliografía, etc. |
Bibliografía : páginas 123-125. |
| 505 0# - NOTA DE CONTENIDO CON FORMATO |
| Nota de contenido con formato |
Introducción: La investigación y su propósito en la academia -- El proyecto de investigación académica -- Planeación y escritura del trabajo de grado -- El tema de investigación -- Estado del arte -- Marco teórico -- Metodología y tipos de investigación -- Escribir académicamente -- Escribir antes de escribir -- Las citas y sus referencias -- Acerca de la estructura y la puntuación -- Los diferentes documentos en una investigación y el papel del director -- El punto cero: la idea de investigación -- El anteproyecto -- El informe final -- ¿Dónde publicar? -- Respecto a la autoría de un texto. |
| 526 ## - NOTA DE INFORMACIÓN SOBRE EL PROGRAMA DE ESTUDIO |
| Nombre del programa |
Segunda Especialidad En Estadística Aplicada Para Investigación (A Distancia) |
| 526 ## - NOTA DE INFORMACIÓN SOBRE EL PROGRAMA DE ESTUDIO |
| Nombre del programa |
Segunda Especialidad En Estadística Aplicada Para Investigación |
| 526 ## - NOTA DE INFORMACIÓN SOBRE EL PROGRAMA DE ESTUDIO |
| Nombre del programa |
Ingeniería De Ciberseguridad |
| 526 ## - NOTA DE INFORMACIÓN SOBRE EL PROGRAMA DE ESTUDIO |
| Nombre del programa |
Ingeniería De Ciencia De Datos E Inteligencia Artificial |
| 526 ## - NOTA DE INFORMACIÓN SOBRE EL PROGRAMA DE ESTUDIO |
| Nombre del programa |
Ingeniería De Software |
| 526 ## - NOTA DE INFORMACIÓN SOBRE EL PROGRAMA DE ESTUDIO |
| Nombre del programa |
|
| 526 ## - NOTA DE INFORMACIÓN SOBRE EL PROGRAMA DE ESTUDIO |
| Nombre del programa |
Comunicación Y Periodismo |
| 526 ## - NOTA DE INFORMACIÓN SOBRE EL PROGRAMA DE ESTUDIO |
| Nombre del programa |
Maestría En Ingeniería De Sistemas Con Mención En Dirección Y Gestión De Tecnologías De Información (Semipresencial) |
| 526 ## - NOTA DE INFORMACIÓN SOBRE EL PROGRAMA DE ESTUDIO |
| Nombre del programa |
Maestría En Ingeniería De Sistemas Con Mención En Dirección Y Gestión De Tecnologías De Información (A Distancia) |
| 526 ## - NOTA DE INFORMACIÓN SOBRE EL PROGRAMA DE ESTUDIO |
| Nombre del programa |
Doctorado en ingeniería de sistemas |
| 526 ## - NOTA DE INFORMACIÓN SOBRE EL PROGRAMA DE ESTUDIO |
| Nombre del programa |
Maestría en ingeniería de sistemas con mención en Ingeniería de software |
| 526 ## - NOTA DE INFORMACIÓN SOBRE EL PROGRAMA DE ESTUDIO |
| Nombre del programa |
Maestría en ingeniería de sistemas con mención en Dirección y gestión de tecnologías de información |
| 526 ## - NOTA DE INFORMACIÓN SOBRE EL PROGRAMA DE ESTUDIO |
| Nombre del programa |
Ingeniería de sistemas |
| 526 ## - NOTA DE INFORMACIÓN SOBRE EL PROGRAMA DE ESTUDIO |
| Nombre del programa |
Educación secundaria, especialidad matemática e informática |
| 541 ## - NOTA DE FUENTE DE ADQUISICIÓN DIRECTA |
| -- |
0300020068; |
| 541 ## - NOTA DE FUENTE DE ADQUISICIÓN DIRECTA |
| -- |
001-003607; |
| 596 ## - |
| -- |
1 |
| 650 #4 - PUNTO DE ACCESO ADICIONAL DE MATERIA--TÉRMINO DE MATERIA |
| Término de materia o nombre geográfico como elemento de entrada |
Escritura académica |
| Subdivisión general |
Estudio y enseñanza |
| 650 #4 - PUNTO DE ACCESO ADICIONAL DE MATERIA--TÉRMINO DE MATERIA |
| Término de materia o nombre geográfico como elemento de entrada |
Investigación. |
| 700 1# - ENTRADA AGREGADA--NOMBRE PERSONAL |
| Nombre de persona |
Murillo O., Javier H., |
| Término indicativo de función/relación |
autor. |
| 910 ## - DATOS DE OPCIÓN DEL USUARIO (OCLC) |
| Datos de opción del usuario |
jck |
| -- |
ebj |
| -- |
ebj |
| -- |
20160704 |
| 910 ## - DATOS DE OPCIÓN DEL USUARIO (OCLC) |
| Datos de opción del usuario |
dbm |
| -- |
ncf |
| -- |
ncf |
| -- |
20180709 |
| 942 ## - ELEMENTOS DE ENTRADA SECUNDARIOS (KOHA) |
| Fuente del sistema de clasificación o colocación |
Clasificación Decimal Dewey |
| Tipo de ítem Koha |
|
| 949 ## - PROCESAMIENTO DE INFORMACIÓN LOCAL (OCLC) |
| a |
001.42 C78 |
| w |
DEWEY |
| c |
1 |
| i |
73828 |
| d |
2016-9-26 |
| e |
2016-9-20 |
| l |
CCODEBUL1 |
| m |
BUL |
| n |
1 |
| p |
7.55 |
| r |
0 |
| s |
Y |
| t |
BOOK |
| u |
2016-7-4 |
| x |
EDUCACION |
| 0 |
COMPRA |
| o |
.STAFF. Posgrado |
| 994 ## - |
| -- |
C0 |
| -- |
PEPRU |
| 999 ## - NÚMEROS DE CONTROL DE SISTEMA (KOHA) |
| -- |
DEWEY |
| -- |
73828 |
| -- |
2016-9-20 |
| -- |
2021-11-4 |
| -- |
5 |
| -- |
CCODEBUL1 |
| -- |
BUL |
| -- |
1 |
| -- |
7.55 |
| -- |
2 |
| -- |
0 |
| -- |
Y |
| -- |
BOOK |
| -- |
2016-7-4 |
| -- |
BIBLIOTECA |
| -- |
P14 |
| -- |
COMPRA |
| -- |
.STAFF. Posgrado |
| 999 ## - NÚMEROS DE CONTROL DE SISTEMA (KOHA) |
| -- |
DEWEY |
| -- |
78970 |
| -- |
2021-11-4 |
| -- |
4 |
| -- |
CCODEBUL1 |
| -- |
BUL |
| -- |
22.84 |
| -- |
0 |
| -- |
Y |
| -- |
BOOK |
| -- |
2018-7-9 |
| -- |
BIBLIOTECA |
| -- |
P20 |
| -- |
COMPRA |
| -- |
FCOMPRA |
| -- |
.STAFF. Colección Ciencias Humanas y Educación |
| 999 ## - NÚMEROS DE CONTROL DE SISTEMA (KOHA) |
| -- |
DEWEY |
| -- |
78971 |
| -- |
2018-10-25 |
| -- |
2021-11-4 |
| -- |
4 |
| -- |
CCODEBUL1 |
| -- |
BUL |
| -- |
4 |
| -- |
22.84 |
| -- |
0 |
| -- |
Y |
| -- |
BOOK |
| -- |
2018-7-9 |
| -- |
BIBLIOTECA |
| -- |
P20 |
| -- |
COMPRA |
| -- |
FCOMPRA |
| -- |
.STAFF. Colección Ciencias Humanas y Educación |
| 980 ## - EQUIVALENCIA O REFERENCIA-CRUZADA-MENCIÓN DE SERIE--NOMBRE DE PERSONA/TÍTULO [LOCAL, CANADÁ] |
| ID del último usuario que modificó el registro |
1 |
| Nombre del último usuario que modificó el registro |
ALBERTO SANCHEZ Responsable de Automatización |